| 000 | 00432nam a2200169Ia 4500 | ||
|---|---|---|---|
| 008 | 230711s9999||||xx |||||||||||||| ||und|| | ||
| 020 | _a978-81-203-2760-3 | ||
| 041 | _aENG | ||
| 082 |
_a621.317 _bOG-D |
||
| 100 | _aOgata,Katsuhiko | ||
| 245 | 0 | _aDiscrete-time control systems | |
| 250 | _a2nd Ed. | ||
| 260 |
_c2011 _aNew Delhi _bPHI Learning Private Limited |
||
| 300 | _a745 | ||
| 650 | _aElectrical Engineering | ||
| 942 | _cBK | ||
| 999 |
_c5104 _d5104 |
||